International labour standards: A handbook (Record no. 28330)

MARC details
000 -LEADER
fixed length control field 00286nam a2200109Ia 4500
082 ## - DEWEY DECIMAL CLASSIFICATION NUMBER
Classification number 331(100)
Item number VAI
100 ## - MAIN ENTRY--AUTHOR NAME
Personal name VAIDYANATHAN, N
245 #0 - TITLE STATEMENT
Title International labour standards: A handbook
260 ## - PUBLICATION, DISTRIBUTION, ETC. (IMPRINT)
Place of publication India
Name of publisher Narendra
Year of publication 1977
942 ## - ADDED ENTRY ELEMENTS (KOHA)
Koha item type Books
Holdings
Withdrawn status Lost status Damaged status Not for loan Home library Current library Date acquired Full call number Accession Number Koha item type
        RRII Library RRII Library 16/12/2021 331(100) VAI 08931 Books